00917nam a2200253 a 4500001000200000003000900002005001700011008003700028020001400065020001800079040002200097082002700119245022900146246002800375260006700403300002100470490002200491500002100513650003000534650002900564650001800593700001000611700004200621 DO-SdBNP20220504105612.0091016s2004 pr 001 0 spa d a978998800 a9789972998805 aBPMSUbspacBPMSU a128.33bS464p 200422213aLo más selecto del pensamiento universal : bimpactantes historias que, con sabiduría e inspiración, te conmoverán y motivaran de principio a fin /cOsho... [y otros] selección realizada por Alberto Briceño Polo 155Palabras que guían... a Lima, Perú :b Los libros más Pequeños del Mundo,c2004 a180 p. ;c21 cm.0 3Libro tarjeta,v5 3Edición anual  4aFilosofíaxEnseñanza. 4aPensamiento xFilosofia. 4aRazonamiento.1 aOsho 1 aBriceño Polo, Alberto ecompilador